000 00338nam a2200121 i 4500
001 43804
003 ES-MaACL
007 t|
008 030318s1900 sp ||||1| spa d
245 0 0 _aCatálogo de la Librería en venta del difunto Excimo. Sr. D. Antonio M. Fabré.
260 _aMadrid :
_b[s.n.],
_c1900.
852 _aES-MaACL
_jT-960-F-4
999 _c43804
_d43804